Report of the task force on plantation sector. Chapter VII (Record no. 66760)

MARC details
000 -LEADER
fixed length control field 00364nam a2200133Ia 4500
245 #0 - TITLE STATEMENT
Title Report of the task force on plantation sector. Chapter VII
260 ## - PUBLICATION, DISTRIBUTION, ETC. (IMPRINT)
Name of publisher Planters Chronicle
Year of publication 2007
300 ## - PHYSICAL DESCRIPTION
Number of Pages 26-38
650 ## - SUBJECT ADDED ENTRY--TOPICAL TERM
Topical Term Crop insurance
650 ## - SUBJECT ADDED ENTRY--TOPICAL TERM
Topical Term Plantation sector
650 ## - SUBJECT ADDED ENTRY--TOPICAL TERM
Topical Term Task force report
942 ## - ADDED ENTRY ELEMENTS (KOHA)
Koha item type Journals
Holdings
Withdrawn status Lost status Damaged status Not for loan Home library Current library Shelving location Date acquired Serial Enumeration / chronology Koha item type
      Journals RRII Library RRII Library Rubber general 11/01/2008 Volume 103, Issue 9 Journals